| 000 | 00477nam a2200181Ia 4500 | ||
|---|---|---|---|
| 005 | 20230421143244.0 | ||
| 008 | 230125s9999 xx 000 0 und d | ||
| 041 | _aeng | ||
| 082 |
_a658.018 _bTAT |
||
| 100 | _aTatke J | ||
| 245 | _aResearch Methodology | ||
| 260 |
_c2010 _bSymbiosis centre for distance learning _aPune |
||
| 300 | _a376p | ||
| 500 | _aResearch Methodology | ||
| 650 | _aResearch Methodology | ||
| 700 | _aTatke J & Nandini Madan, Donor | ||
| 942 | _cDB | ||
| 999 |
_c93586 _d93586 |
||